[Event "Dortmund SuperGM 26th"]
[Site "Dortmund"]
[Date "1998.07.01"]
[Round "5"]
[White "Beliavsky, Alexander G"]
[Black "Anand, Viswanathan"]
[Result "1/2-1/2"]
[WhiteElo "2690"]
[BlackElo "2770"]
[Annotator "Ribli,Z"]
[PlyCount "61"]
[EventDate "1998.06.26"]
[EventType "tourn"]
[EventRounds "9"]
[EventCountry "GER"]
[EventCategory "18"]
[SourceTitle "CBM 066"]
[Source "ChessBase"]
[SourceDate "1998.09.30"]
[SourceVersion "1"]
[SourceVersionDate "1998.09.30"]
[SourceQuality "1"]

1. d4 {Kortschnoj} Nf6 2. c4 e6 3. g3 d5 4. Bg2 dxc4 5. Nf3 Nc6 6. Qa4 Bb4+ (
6... Nd7 7. Qxc4 Nb6 8. Qd3 e5 9. Nxe5 Nb4 10. Qc3 Qxd4 11. O-O Qxc3 12. Nxc3
Bd6 13. Nf3 c6 14. Rd1 Be7 15. Nd4 O-O {Beliavsky,A-Adams,M/Madrid 1998/1/2-1/
2 (44)}) (6... Bd6 7. O-O O-O 8. Qxc4 e5 9. Nc3 $14 {Mit dem Läufer auf d2, d.
h. mit dem eingeschobenen Zugpaar 6...Bb4 7.Bd2 und erst dann 7...Bd6, bringt
dieser Zug dem Weißen gar nichts, denn Schwarz kann 10...Nxd4 11.Nxd4 exd4 12.
Qxd4 Bxg3 13.Qxd8 Rxd8 14.hxg3 Rxd2 spielen. Ribli.}) 7. Bd2 Bd6 $5 {Kramnik} (
7... Nd5 {Kortschnoj}) 8. Na3 (8. O-O O-O 9. Qxc4 (9. Bc3 Qe7 (9... Nd5 10.
Qxc4 Nxc3 11. Nxc3 e5) (9... Rb8 $6 10. Qxc4 b5 $2 11. Qxc6 Bb7 (11... Bd7 12.
Qa6 $18) (11... Rb6 12. Qa8 $18) 12. Qxb5 Bxf3 13. Qd3 $16) 10. Qxc4 e5 $11)
9... e5 10. dxe5 (10. d5 $5 Ne7 11. Nc3 c6 (11... h6 $11) 12. dxc6 Nxc6 13. Bg5
(13. Rfd1 $5) 13... Be6 14. Qb5 {1/2-1/2 Vadasz,L-Rogozenko,D/Cupa Dinamo 1998
=}) (10. Nc3 Nxd4 11. Nxd4 exd4 12. Qxd4 Bxg3 $1 13. Qxd8 Rxd8 14. hxg3 Rxd2
$11) 10... Nxe5 11. Nxe5 Bxe5 12. Bc3 Qe7 $5 $11 13. Bxe5 Qxe5 14. Nc3 c6 15.
Rfd1 Be6 16. Qb4 {1/2-1/2 Karpov,A-Kramnik,V/Hoogovens 1998 (21)}) (8. Qxc4 O-O
9. Bc3 (9. O-O e5) 9... Qe7 (9... Nd5) 10. Ne5 Bxe5 11. dxe5 Nd5 12. O-O Rd8
13. Na3 Nxc3 14. Qxc3 Bd7 15. Nc2 Be8 16. b4 a5 17. a3 axb4 18. axb4 Rxa1 19.
Rxa1 Rb8 20. Be4 f6 21. exf6 Qxf6 22. Qc5 Rd8 23. Rb1 b6 24. Qc4 Nd4 {1/2-1/2
Anand,V-Kramnik,V/Chess Classic Giants m 1st 2nd blitz, F 1998 (39)}) (8. Bc3
O-O 9. Nbd2 $5) 8... Ne4 $6 (8... Bxa3 $5 {Dies ist meines Erachtens die für
Weiß kritische Variante.} 9. Qxa3 {[%csl Ga3,Re8][%cal Ga3f8]} (9. bxa3 {
Kortschnoj} Ne4 $13) 9... Nxd4 (9... Ne4 $13) 10. Nxd4 Qxd4 11. Be3 $44 {
[%csl Ga3,Ge3,Gg2] Weiß hat zwei Bauern geopfert, aber seine Läufer stehen
aktiv auf den Diagonalen und der schwarze König schlecht in der Mitte. Ich bin
trotzdem nicht überzeugt, daß die Kompensation ausreichend ist.} (11. Rd1 $44)
(11. Bc3 Qd6 12. Bb4 (12. Qa4+ Bd7 13. Qxc4 Bc6 $15 14. Rd1 Qxd1+ (14... Bd5)
15. Kxd1 Bxg2 $5) 12... Qb6 13. Bc5 Qb5) 11... Qd7 (11... Qd6 12. Bc5 {[%csl
Rd6]})) 9. Nxc4 Nxd2 (9... O-O $142 {Kortschnoj}) 10. Nfxd2 Bd7 (10... Qd7 $6
11. e3 $14) 11. Nxd6+ cxd6 12. Ne4 {[%csl Rd6,Re8]} O-O $1 {Anand verteidigt
nicht den Bauern d6, sondern strebt nach aktivem Spiel.} (12... d5 13. Nd6+ Ke7
(13... Kf8 14. Nxb7 Qb6 15. Nc5 {[%csl Rb6,Gc5,Rf8][%cal Rc5d7,Rd7b6,Rd7f8]})
14. Nxb7 Qb6 15. Qa3+ Nb4 (15... Kf6 16. Nc5 {[%csl Rb6,Gc5,Rf6][%cal Rc5d7,
Rd7b6,Rd7f6]}) (15... Ke8 16. Nd6+ $18 {[%csl Gd6,Re8]}) 16. Na5 Qxd4 (16...
Kd8 17. Rc1 $14) 17. Rd1 $14 {[%csl Ga3,Re7]}) (12... Qc7 13. Qa3 $14 {[%csl
Ga3,Rd6,Ge4,Re8]} (13. Qa3 {Kortschnoj} O-O 14. Qxd6 Qa5+ (14... Qxd6 15. Nxd6
Nxd4 16. O-O-O $1 $16) 15. Nc3 Rfd8 16. Qc5 $16)) (12... Qe7 13. Qa3 $14 {
[%csl Ga3,Rd6,Ge4,Re8]} (13. Qa3 {Kortschnoj} d5 14. Nd6+ Kf8 15. O-O-O $16))
13. Nxd6 Qc7 {[%csl Ra4,Gc6,Rd6,Gd7]} 14. Ne4 (14. Nb5 Qb6 $5 $17 {[%csl Ra4,
Rb5]} (14... Nxd4 15. Nxc7 Bxa4 16. Nxa8 Nc2+ 17. Kd2 Rd8+ 18. Kc1 (18. Kc3
Rc8+ 19. Kd3 Rd8+ $11) 18... Nxa1 19. Bxb7 $13)) 14... Rfd8 15. Qc4 (15. O-O
Be8 $44 {[%csl Ra4,Rd4][%cal Ge8a4] Und es ist nicht leicht, die Drohung 16...
Nxd4 zu parieren.}) (15. e3 {Kortschnoj} Ne5 $44) 15... Qb6 (15... Qa5+ 16. Qc3
$16) 16. e3 (16. O-O-O Ne5 $13 {[%csl Rc1,Rc4][%cal Ra8c8,Rc8c1]}) 16... Rac8
$44 (16... Qxb2 $6 17. O-O $14 {[%csl Rb2,Rb7,Yc5,Ge4,Gg2][%cal Ge4c5,Gf1b1,
Gb1b7] Schwarz hat zwar das materielle Gleichgewicht wiederhergestellt, aber
die weiße Initiative am Damenflügel ist sehr gefährlich.}) 17. Qb3 Qa5+ (17...
Qxb3 18. axb3 Nb4 19. O-O $14 (19. Rxa7 Rc1+ $132)) 18. Nc3 (18. Qc3 $2 Nb4 {
[%csl Rc3,Re1][%cal Rc8c3]} 19. Nc5 Nc2+ $17 {[%cal Rc2e1,Rc2a1,Ga5e1]}) 18...
e5 $1 19. d5 (19. dxe5 $5 Nxe5 (19... Be6 {Kortschnoj} 20. Qxb7 Bc4 $1 $44) 20.
O-O Be6 (20... Bc6 21. e4) 21. Qxb7 {Dieser Zug sieht riskant aus, aber ich
sehe keine Widerlegung.} (21. Qc2 Nc4 $44 {[%csl Rb2,Rc2,Gc4][%cal Gc8c2,Gd8d2]
}) 21... Rb8 22. b4 Qa3 23. Qc7) {[#]} 19... Nd4 $1 20. exd4 exd4 21. O-O dxc3
22. bxc3 Rxc3 23. Qxb7 {Weiß hat einen Mehrbauern, aber es ist schwierig, mit
dem d-Bauern voranzukommen, denn Schwarz kontrolliert die c-Linie und
entfaltet aktives Figurenspiel.} Qc5 {[%csl Gc3,Gc5][%cal Gc8c1]} 24. Rab1 g6 {
Diese Stellung ist typisch für die Grünfeld-Indische Verteidigung. Der weiße
d-Bauer ist unter Kontrolle und es ist nicht zu erkennen, wie Weiß seine
Stellung verbessern soll.} 25. Qb4 (25. h4 $14 {Kortschnoj}) (25. Rb2 $14 {
Kortschnoj}) 25... Qxb4 26. Rxb4 Kf8 {[%csl Gf8][%cal Gf8e7,Ge7d6] Schwarz
plant die Blockade des Freibauern mit seinem König.} 27. Ra1 (27. Rb7 a6 {
[%cal Gd7b5]}) (27. h3 $14 {Kortschnoj}) 27... Rdc8 28. Bf1 (28. Rab1 $2 Rc1+
29. Bf1 Bh3 $19 {[%cal Rh3f1] und Weiß wäre hilflos gegen 30...Bxf1.}) (28. Rb7
$2 Rc1+ 29. Rxc1 Rxc1+ 30. Bf1 Bh3 $19 {[%csl Gc1,Rf1,Rg1,Gh3]}) (28. h3 {
Kortschnoj}) 28... Ke7 29. Kg2 Kd6 $11 {[%csl Rd5,Gd6,Rf1]} 30. Rh4 (30. Rb7
R8c7 $11 {[%csl Rd5]}) 30... h5 31. Rf4 {und hier wurde Remis vereinbart. Der
schwache weiße Mehrbauer ist bedeutungslos. Die Stellung ist gleich.} 1/2-1/2

[Event "Enghien les Bains 3rd"]
[Site "Enghien les Bains"]
[Date "1999.03.05"]
[Round "3"]
[White "Tkachiev, Vladislav"]
[Black "Beliavsky, Alexander G"]
[Result "1/2-1/2"]
[WhiteElo "2634"]
[BlackElo "2650"]
[Annotator "Ribli,Z"]
[PlyCount "70"]
[EventDate "1999.03.03"]
[EventType "tourn"]
[EventRounds "9"]
[EventCountry "FRA"]
[EventCategory "15"]
[SourceTitle "CBM 070"]
[Source "ChessBase"]
[SourceDate "1999.06.08"]
[SourceVersion "1"]
[SourceVersionDate "1999.06.08"]
[SourceQuality "1"]

{[%mdl 12]} 1. d4 Nf6 2. c4 e6 3. Nf3 d5 4. g3 dxc4 5. Bg2 a6 6. O-O Nc6 {
Das ist eine in der letzten Zeit sehr beliebte Variante, die Beliavsky mit
beiden Farben spielt. Schwarz entwickelt seinen Damenflügel und bereitet in
einigen Varianten ...b7-b5 mit ...Rb8 vor. Ribli.} 7. e3 Bd7 8. Nc3 (8. Qe2 b5
9. Rd1 Be7 10. Nc3 (10. b3 {- 32/(567)}) 10... Nd5 $1 11. a4 $6 (11. e4 Nxc3
12. bxc3 $44) 11... O-O 12. axb5 Nxc3 13. bxc3 axb5 14. Rxa8 Qxa8 {0-1
Beliavsky,A-Akopian,V/Pula 1997/Inf 69/[Akopian,V; Petrosian,A] (66)}) 8... Bd6
{Dieser Zug hat in der Eröffnungstheorie keinen guten Ruf. Die Alternative 8...
Rb8 scheint mir sicherer.} (8... Rb8 9. Ne5 Na5 (9... Nxe5 $2 10. dxe5 Ng8 11.
Qe2 b5 12. Rd1 $16) 10. e4 Be7 11. Nxd7 (11. Be3 O-O 12. Qf3 b5 13. Rad1 b4 14.
Ne2 Bb5 $15 {0-1 Bernard,C-Korneev,O/Paris 1996/EXT 96op2 (61)}) 11... Nxd7 (
11... Qxd7 12. e5 Nd5 13. Qg4 $36) 12. Qg4 h5 $5 13. Qe2 h4 14. Be3 h3 15. Bh1
b5 16. Rad1 Bb4 {1/2-1/2 Gulko-Korneev/Inf 52 (32)}) (8... Nd5 9. Qe2 Nxc3 10.
bxc3 Bd6 11. Rd1 b5 12. Ne5 $1) 9. Qe2 (9. e4 e5 10. dxe5 Nxe5 11. Nxe5 Bxe5
12. f4 $5) 9... b5 {Weiß hat eine starke Zentrumsstellung, aber Schwarz
behauptet seinen Mehrbauern.} 10. e4 e5 {Das ist die prinzipielle Fortsetzung.
Die Alternative 10...Le7 verliert Zeit.} (10... Be7 11. Rd1 (11. Bg5 O-O 12.
Rad1 $44) 11... O-O 12. Bg5 Rb8 13. d5 exd5 14. Nxd5 $44) 11. dxe5 Nxe5 12.
Nxe5 Bxe5 13. f4 Bxc3 $5 $146 {Das ist die einzige Moeglichkeit für Schwarz.
Weiß bekommt aber durch sein Läuferpaar und das starke Zentrum gute
Kompensation.} (13... Bd4+ $2 14. Be3 $16 Bc6 15. e5 Bxg2 16. Kxg2 Bxe3 17.
exf6 Qd2 $8 {[#]} 18. Rf2 $1 O-O-O (18... Qxe2 19. Rxe2 $18) 19. Qg4+ Qd7 20.
Qf3 {[%cal Rf3a8,Rf3e3]} Qd4 21. Re2 $18 Qxf6 22. Rxe3 Kb8 23. Rae1 {1-0
Khalifman,A-Basin,L/Minsk 1985/MCD-ch (23)}) 14. bxc3 $44 {[%csl Ge4,Gf4][%cal
Gg2a8,Gc1a3,Ga3f8]} c6 $5 {Es ist interessant, daß Schwarz keine Angst hat,
mit seinem König in der Mitte zu bleiben. Zunächst bereitet er das Feld d5 für
seinen Springer im Falle von e4-e5 vor.} (14... O-O 15. e5 Bg4 16. Qc2 Nd5 17.
f5 $36 {[%csl Rg4]}) 15. f5 {Mit diesem Zug verhindert Weiß die Möglichkeit ...
Bd7-g4 und Schwarz muß jetzt auch mit e4-e5 rechnen.} (15. Ba3 $44 {[%csl Ga3,
Re8][%cal Ga3f8]} Qb6+ 16. Kh1 Bg4 (16... O-O-O) 17. Qb2 $13) (15. e5 Nd5 $15)
15... O-O 16. Bg5 {[%cal Gg5d8] Die Fesselung ist sehr unangenehm für Schwarz.
Es droht 17.e5.} (16. Ba3 Qb6+ 17. Kh1 Rfe8 $15 {[%cal Ge8e2]}) 16... h6 17.
Bh4 (17. Bxf6 Qxf6 18. e5 Qg5 $15) 17... Qb6+ (17... Re8 $5 18. Rad1 $44 (18.
e5 $6 Qb6+ 19. Kh1 Nd5 $15)) 18. Kh1 Nh7 19. Rad1 (19. f6 g5 (19... g6 20. Qd2
{[%cal Rd2d7,Rd2h6]}) 20. Qh5 Kh8 $8 21. e5 Rg8 $132) 19... Qc7 20. e5 {
[%csl Ge5,Gf5,Gg2,Gh4] Weiß steht sehr aktiv, aber die schwarze Stellung weist
keine Schwächen auf.} Rae8 {[%csl Re5]} 21. Qd2 Bc8 22. Qd6 {[%csl Gd6]} Qxd6 (
22... Qa7 $5 23. Bxc6 Bb7) 23. exd6 {[%cal Rd6d7,Rd7e8,Rd7c8] Weiß scheint auf
Gewinn zu stehen, denn es droht 24.Be7, 24.Bxc6 und 24.d7.} (23. Rxd6 Rxe5 $17)
{[#]} 23... g5 $1 {Dieser ausgezeichnete Zug rettet die schwarze Stellung.} (
23... Bd7 24. Be7 $14) 24. fxg6 fxg6 25. Bxc6 (25. Rxf8+ Nxf8 $11) (25. d7 Bxd7
26. Rxd7 (26. Rxf8+ Nxf8) 26... Rxf1+ 27. Bxf1 g5 $17) 25... g5 $5 {[%csl Rh4]
Schwarz hat keine Angst vor 26.Bxe8. Er spielt gegen den h4-Läufer.} (25... Re3
26. Be7 $36 (26. d7 $6 Rxf1+ 27. Rxf1 Bxd7 28. Bxd7 g5 $17)) 26. Rxf8+ (26.
Bxe8 Rxe8 27. d7 Bb7+ 28. Kg1 Rd8 29. Rfe1 Nf6 $13 {[%csl Rh4]}) 26... Rxf8 27.
Bxg5 (27. d7 Bxd7 28. Rxd7 gxh4 29. gxh4 $11) 27... Nxg5 28. d7 Bxd7 29. Rxd7
Rf2 $11 {Nach unklaren Komplikationen haben wir eine gleiche Stellung. Die
schwarze Figuren sind etwas aktiver, aber Weiß hat genug Gegenspiel.} 30. Bd5+
Kh8 (30... Kf8 31. h4 Nf3 $4 32. Rf7+ {[%cal Rf7f8,Rf7f3]}) 31. Rd8+ Kg7 32. h4
Nf3 33. Rd7+ (33. Bxf3 $2 Rxf3 {[%csl Gf3][%cal Rf3g3,Rf3c3]}) 33... Kg6 (33...
Kh8 34. Rd8+ Kg7 $11) 34. Rd6+ Kg7 (34... Kh5 35. Bxf3+ Rxf3 36. Kg2 Rxc3 37.
Rxa6 $11) 35. Rd7+ Kg6 {Und Remis wegen Stellungswiederholung.} 1/2-1/2

[Event "Mitropa Cup 19th"]
[Site "Baden"]
[Date "1999.04.01"]
[Round "1"]
[White "Cvitan, Ognjen"]
[Black "Gyimesi, Zoltan"]
[Result "1/2-1/2"]
[WhiteElo "2521"]
[BlackElo "2529"]
[Annotator "Ribli,Z"]
[PlyCount "43"]
[EventDate "1999.04.01"]
[EventType "team-tourn"]
[EventRounds "9"]
[EventCountry "SUI"]
[SourceTitle "CBM 071"]
[Source "ChessBase"]
[SourceDate "1999.08.01"]
[SourceVersion "1"]
[SourceVersionDate "1999.08.01"]
[SourceQuality "1"]

{[%mdl 2052]} 1. d4 Nf6 2. Nf3 d5 3. c4 e6 4. g3 dxc4 5. Bg2 c5 {Dieser Zug
ist die prinzipielle Antwort in der offenen Katalanischen Eröffnung. Schwarz
spielt nicht 5...a6 oder 5...b5?!, sondern strebt nach Ausgleich. Ribli.} 6.
O-O Nc6 7. Ne5 {Das ist die moderne Fortsetzung. Nach 7.Qa4 Bd7 8.Qxc4 b5 hat
Schwarz weniger Probleme.} Bd7 8. Na3 {Das war 1985 Kasparovs Neuerung. Heute
ist der Zug eine Hauptfortsetzung.} cxd4 9. Naxc4 {Weiß hat einen Bauern
weniger, aber gutes Figurenspiel im Zentrum. Er kontrolliert die wichtigsten
Felder und dank seines katalanischen Läufers hat er etwas Initiative. Der
schwarze d4-Bauer ist in vielen Varianten schwach.} Nxe5 10. Nxe5 Qb6 {Diese
Variante wurde zuerst in der Partie Barczay,L - Karolyi,T Debrecen 1987
ausprobiert. Karolyi war früher Trainer des GM Gyimesi. Schwarz gibt das
Läuferpaar auf, aber verteidigt die Bauern auf d4 und b7.} 11. Nxd7 (11. Bf4 $5
Bb5 (11... Be7 12. Nxd7 Nxd7 13. Qa4 $36) (11... Bc5 12. b4 $36) (11... Bc6 12.
Nxc6 bxc6 13. Qa4 Nd5 14. Be5 $16) (11... Qxb2 $2 12. Rb1 $16) 12. a4 $5 (12.
b4 Nh5 (12... Nd5 13. Bxd5 exd5 14. a4 Bc4 15. Nxc4 dxc4 16. a5 $36) (12...
Bxb4 $2 13. Rb1 {[%cal Rb1b6]}) 13. Be4 (13. Bd2 $2 Bd6 $17) 13... Nxf4 14.
gxf4 f6 $13) 12... Ba6 13. b4 (13. a5 $2 Qb5 14. Qxd4 Bc5 $17) 13... Bxb4 (
13... Qxb4 $2 14. Rb1 $16 {[%csl Rb4]}) 14. a5 (14. Rb1 O-O (14... Qa5 $5 15.
Qb3 Bc3 16. Bxb7 Bxb7 17. Qxb7 O-O 18. Nc6 Qxa4 19. Nb8 Raxb8 20. Bxb8 Qa2 $13)
15. Bd2 Qc7 16. Bxb4 Qxe5 17. Bxf8 Rxf8 $132) 14... Qb5 15. Qxd4 (15. Rb1 Qxa5
16. Ra1 Qb5 17. Rb1 Qa5 $11) 15... Bc5 16. Qc3 Rc8 17. e3 $44 {Weiß kann im
folgenden 18.Rfb1 ziehen.}) 11... Nxd7 12. Qa4 {[%csl Re8][%cal Gg2a8,Ga4e8]}
Bc5 $146 {Gyimesi verbessert sein früheres Spiel, denn mit 12...Rd8 hatte er
keinen Ausgleich.} (12... Rd8 13. e3 Bc5 14. exd4 Bxd4 15. Bg5 O-O 16. Bxd8
Rxd8 17. Rad1 $14 {1/2-1/2 Chernin,A-Gyimesi,Z/Lillafured 1999/CBM 70_07 (41)})
(12... Qb4 13. Qxb4 Bxb4 14. Rd1 $1 (14. Bxb7 Rb8 15. Bc6 Ke7 16. Bxd7 Kxd7 17.
Rd1 e5 $11) 14... Bc5 15. Bxb7 Rb8 16. Bc6 Rb6 17. Ba4 (17. Bxd7+ Kxd7 18. b4
$11) 17... Ke7 18. a3 Rd6 19. Bd2 Ne5 20. Rac1 d3 21. Kf1 {1-0 Kengis,
E-Volzhin,A/Gistrup 1997/EXT 98 (21)}) (12... O-O-O $6 13. Rd1 Be7 (13... Nc5
14. Qc4 (14. Qc2 Kb8 $44) 14... Qa6 15. Rxd4 Qxc4 16. Rxc4 Rd1+ 17. Bf1 Kd7 18.
Rc2 (18. b4 Na4) 18... Bd6 $14) (13... Bc5 14. Rd3 $44) 14. Rxd4 Bc5 15. Rc4 {
1-0 Topalov,V-Morozevich,A/Madrid 1996/CBM 53/[Ernst] (70)}) 13. Bf4 {[%csl
Gf4,Gg2][%cal Gg2a8] Mit dem Läuferpaar hat Weiß Kompensation, aber nicht mehr.
Schwarz kann noch nicht rochieren, denn sein Springer ist auf d7 nicht
ausreichend gedeckt.} Rd8 {Schwarz verteidigt den Springer.} 14. Rac1 {[%csl
Gc1][%cal Gc1c8]} O-O 15. b4 $5 {Weiß opfert einen weiteren Bauern für
Aktivität.} Qxb4 (15... Bd6 $6 16. Bxd6 Qxd6 17. Bxb7 $14) 16. Qxb4 Bxb4 17.
Bc7 $44 (17. Rc7 a5 18. Bxb7 Nc5 $17) 17... Rde8 $5 (17... Nc5 18. Bxd8 Rxd8
$13 {Schwarz hat zwei Bauern und eine feste Stellung für die Qualität.}) 18.
Bxb7 Re7 {[%cal Ge7b7]} (18... Bc3 $2 19. Bd6 $14) 19. Rb1 Nb6 {[%cal Re7b7]} (
19... Nc5 20. Bd6 {[%cal Rd6f8,Rd6b4]} Rxb7 21. Bxc5 (21. Bxf8 Kxf8 $17 {
Weiß kann nicht 22.a3 spielen, denn der b7-Turm ist gedeckt.}) 21... Rfb8 22.
Bxd4 $11) (19... Bc5 20. Rfc1 $44) 20. Bxb6 (20. Rfc1 $6 Bc3 $17) 20... axb6 (
20... Rxb7 21. Bxd4 $11) 21. Rxb4 Rxb7 22. Rxd4 {Die Stellung ist gleich. Es
wurde Remis vereinbart.} 1/2-1/2

[Event "ROM-ch"]
[Site "Bucharest"]
[Date "1998.12.12"]
[Round "5"]
[White "Cosma, Ioan"]
[Black "Florescu, Codrut Constantin"]
[Result "1-0"]
[WhiteElo "2475"]
[BlackElo "2320"]
[Annotator "Ribli,Z"]
[PlyCount "67"]
[EventDate "1998.12.08"]
[EventType "tourn"]
[EventRounds "15"]
[EventCountry "ROU"]
[EventCategory "9"]
[SourceTitle "CBM 069"]
[Source "ChessBase"]
[SourceDate "1999.04.01"]
[SourceVersion "1"]
[SourceVersionDate "1999.04.01"]
[SourceQuality "1"]

1. d4 Nf6 2. Nf3 e6 3. g3 d5 4. Bg2 c5 (4... b5) 5. O-O Nc6 6. c4 dxc4 {
Mit Zugumstellung wir haben eine Grundstellung der Katalanischen Eröffnung.
Schwarz nimmt den c4-Bauern und es kostet Weiß Zeit, das Material
zurückzugewinnen. Diese Zeit nutzt Schwarz, um seine Entwicklung zu beenden.
Ribli.} 7. Ne5 Nd5 {Ich glaube, mit diesem Zug löst Schwarz seine
Eröffnungsprobleme nicht. Weiß hat nach dieser Fortsetzung einfaches Spiel und
dauerhaften Vorteil.} 8. Nxc6 bxc6 9. Na3 {[%csl Rc4,Rc5,Rc6]} (9. dxc5 Bxc5
10. Qa4 Qb6 11. Nd2 Ba6 12. Nxc4 {Auf diese Weise erreichen wir die Partie
Savchenko,S. - Galliamova-Ivanchuk, Russia 1996, siehe 10...Qb6.}) 9... Ba6 10.
Qa4 {[%csl Ga4][%cal Ra4c6,Ra4a6,Ra3c4]} Qc8 $5 {Ich glaube, die ganze
Variante mit 7...Nd5 ist vorteilhaft für Weiß, aber dieser Zug ist interessant.
Stattdessen kann Schwarz die Alternative 10...Qb6 spielen, aber der Textzug
ist nicht schlecht.} (10... Qb6 11. dxc5 Bxc5 12. Nxc4 Qb5 13. Qxb5 Bxb5 (13...
cxb5 14. Ne5 b4 15. Rd1 Bb7 16. Bd2 Be7 17. Rac1 a5 18. e4 Nf6 19. Bg5 Bd8 20.
Nc4 O-O 21. Nd6 {Savchenko,S-Galliamova_Ivanchuk,A/Russia 1996/Inf 68 (49)})
14. b3 Bd4 (14... O-O 15. Bb2 f6 16. Rfc1 Be7 17. Na5 c5 18. a4 Ba6 19. Nc6 Bd6
20. e4 Nb6 21. a5 Nc8 22. e5 {1-0 Polaczek,R-Donk,M/Antwerpen op 1996 (35)})
15. Rb1 O-O 16. Bd2 Bc3 17. Bxc3 Nxc3 18. Rb2 Nd5 19. Na5 Rab8 20. Rc1 Rb6 21.
a3 Ra6 22. b4 {1-0 Garcia Ilundain,D-Vehi Bach,V/ch-ESP, Linares ESP 1998 (36)}
) 11. Nxc4 (11. dxc5 Bxc5 (11... Rb8) 12. Nxc4 O-O (12... Rb8 $5)) 11... cxd4
$2 (11... Bb5 $5 {Nur nach diesem Zug kann sich Schwarz Hoffnungen machen.} 12.
Qc2 cxd4 $13) 12. Ne5 {[%csl Rc6,Rd4,Ge5,Re8][%cal Ra4d4]} Bd6 13. Nxc6 O-O 14.
Bxd5 $1 {Weiß spielt einfach und gut. Er gibt seinen "katalanischen" Läufer
auf und erhöht mit taktischen Motiven seinen Eröffnungsvorteil.} exd5 {[%csl
Gc6,Rd4,Rd5]} 15. Bf4 $1 Bb7 $8 (15... Bxf4 $2 16. Ne7+ $18 {[%cal Re7g8,Re7c8]
}) 16. Rac1 {[%cal Rc6e7,Re7c8,Re7g8,Rc1c8] Die Dame steht sehr schlecht auf
c8. Das gibt Weiß dauerhaften Vorteil.} Qd7 (16... Bxc6 17. Rxc6 $18 {[%cal
Rc6d6,Rc6c8]}) 17. Bxd6 Qxd6 18. Nxd4 $16 {[%csl Gd4] Weiß besitzt einen
Mehrbauern und eine starke Springerstellung auf d4. Der isolierte schwarze
Damenbauer ist schwach.} Qe5 19. Rc3 {[%cal Gf1c1]} (19. e3 $16) 19... h5 {
Schwarz sucht etwas Gegenchancen am Königsflügel, hat aber keine konkreten
Drohungen.} 20. h4 Bc8 21. Rfc1 {[%cal Gc1c8]} Bg4 22. Re3 {Weiß verzichtet
auf 22.e3, um seinen Königsflügel nicht zu schwächen.} Qb8 23. b3 Qd8 24. Rc5 {
[%csl Ga4,Gc5,Gd4,Ge3]} Rc8 $2 {Dieser Zug verliert eine Qualität, aber die
Lage des Schwarzen ist bereits sehr kritisch. Angriffschancen am Königsflügel
hat er nicht.} 25. Nc6 {[%cal Rc6d8,Rc6e7,Re7g8,Re7c8]} Qf6 26. Ne7+ {[%cal
Re7g8,Re7c8]} Kh7 27. Nxc8 $18 Qa1+ 28. Kh2 $1 {Weiß steht auf Gewinn, aber er
muß vorsichtig sein!} (28. Kg2 Bh3+ $1 {[#]} 29. Kf3 (29. Kh2 $4 Qf1 {[%csl
Rh2][%cal Rf1g2,Rg2h2]}) (29. Kxh3 $4 Qh1# {[%cal Rh1h3]}) 29... Bg4+ 30. Kg2
$11 (30. Kf4 $4 Qf6#)) 28... Bxc8 29. Rxd5 {Weiß hat bereits eine Qualität und
zwei Bauern mehr.} g6 30. Qe4 Qe1 31. Rf3 (31. Rxh5+ Kg8 (31... Kg7 32. Qe5+ f6
33. Qe7+ Rf7 34. Rh7+ $18) 32. Re5 Qxf2+ 33. Qg2 $18) 31... Bg4 32. Rf4 Qf1 33.
Qg2 (33. Rd8 $5 Qh3+ 34. Kg1 Rxd8 35. Rxf7+ $18) 33... Qxe2 34. f3 {[%mdl
24576] Und Schwarz gab auf, denn er muß die Damen tauschen.} 1-0